000 00660nam a2200253Ia 4500
003 OSt
005 20220912151942.0
006 a|||||r|||| 00| 0
007 ta
008 220909b |||||||| |||| 00| 0 eng d
024 _a64003
037 _cTextual
040 _aCSL
_beng
_cCSL
041 _aeng
082 _aE1:5:C512e, 113F8 CL
100 _aKempof R
245 0 _aSchelzpunktstabellen zur organischen molekular-analyse
260 _c1928
300 _ap.
_ccm.
650 _aBiology
700 _a Kutter F
942 _hE1:5:C512e, 113F8 CL
_cTEXL
_2CC
999 _c77867
_d77867